000 00986nam a2200313 a 4500
003 AR-BaBNM
005 20251128210353.0
008 082120s2002 ||||||||||||||000 | spa||
020 _a987-9336-28-3
040 _cAR-BaBNM
245 0 0 _aBenjamín Villafañe
_buna pasión política
260 _aBuenos Aires
_bCírculo de Legisladores de la Nación Argentina
_c1999
300 _a95 p.
490 0 _aVidas, ideas y obras de los legisladores argentinos
_vv. 37
500 _aContiene textos parlamentarios de Benjamín Villafañe
504 _aBibliografía p. 29
600 1 4 _aVillafañe, Benjamin
650 4 _aHISTORIA ARGENTINA
650 4 _aBIOGRAFIAS
650 4 _aHISTORIA POLITICA ARGENTINA
650 4 _aLEGISLACION ARGENTINA
650 4 _aSIGLO VEINTE
650 4 _aPARTIDOS POLITICOS ARGENTINOS
655 _aBIOGRAFIAS
700 1 _aVillarino, Emilio
_eprologuista
800 1 _aMárquez, Alfonso Carlos
_edirector
942 _cBK
998 _cMariana
999 _c15179
_d15179